000 00695nam a2200253 4500
001 1983
010 _a9789897248153
021 _aPT
_b547694/25
090 _a1983
100 _a20251120d2025 m||y0pory50030103ba
101 _apor
102 _aPT
200 _aConheça os tugas
_fChristopher L. Jones
_gtrad. Carla Bê
205 _a1ª edição
210 _aLisboa
_cClube do Autor
_d2025
215 _a326, [1] p., [16] p. il.
_cil.
_d24 cm
300 _aBMB-Registado
304 _aTít.: Meet the Tugas
606 _9834
_aHistória de Portugal
675 _a94(469)
_vBMB
_zpor
700 _aJones
_bChristopher L
_92859
702 _a
_bCarla
_4730
_92860
801 _aPT
_bBMB
_gRPC
990 _cLIVROS